| 000 | 00541nam a22001577a 4500 | ||
|---|---|---|---|
| 005 | 20120306131957.0 | ||
| 020 |
_a817341131X _c350.00 |
||
| 035 | _aA-991985 | ||
| 037 |
_aDPL _bENG |
||
| 100 |
_aRanchan, O.P. _943552 |
||
| 245 |
_aLife-an unfathomable Ecstasy / _cby O.P. Ranchan |
||
| 260 |
_aDelhi _bIndian Publishers Distributors |
||
| 300 |
_a220p. _c18 cms. |
||
| 942 |
_2ddc _cEN _h113.8 _mRAN |
||
| 999 |
_c63834 _d63834 |
||